书目信息 |
| 题名: |
有限群导引(上)
|
|
| 作者: | 徐明曜 著 | |
| 分册: | ||
| 出版信息: | 北京 科学出版社 1999.3 |
|
| 页数: | 287页 | |
| 开本: | 20cm | |
| 丛书名: | ||
| 单 册: | ||
| 中图分类: | O152.1 | |
| 科图分类: | ||
| 主题词: | 代数 , 数论 , 组合数学 | |
| 电子资源: | ||
| ISBN: | 7-03-007119-0 | |
| 000 | 00583nam0 2200217 45 | |
| 001 | 0231894068 | |
| 005 | 2002041508513402 | |
| 010 | @a7-03-007119-0@dRMB 19.00 | |
| 100 | @a20020415d1999 km y0chiy0120 ea | |
| 101 | 0 | @achi |
| 102 | @aCN@b110000 | |
| 200 | 1 | @a有限群导引(上)@AYou Xian Qun Dao Yin(Shang)@f徐明曜著@Fxu ming yao zhu |
| 210 | @a北京@c科学出版社@d1999.3 | |
| 215 | @a287页@d20cm | |
| 606 | 0 | @a代数 |
| 606 | 0 | @a数论 |
| 606 | 0 | @a组合数学 |
| 690 | @aO152.1@v3 | |
| 701 | 0 | @a徐明曜@Axu ming yao@4著 |
| 801 | 0 | @aCN@bPFT@c20020415 |
| 905 | @a安徽大学@dO152.1@eX760:1 | |
| 有限群导引(上)/徐明曜著.-北京:科学出版社,1999.3 |
| 287页;20cm |
| ISBN 7-03-007119-0:RMB 19.00 |
| ● |
| 相关链接 |
|
|
|
正题名:有限群导引(上)
索取号:O152.1/X760:1
 
预约/预借
| 序号 | 登录号 | 条形码 | 馆藏地/架位号 | 状态 | 备注 |
| 1 | 358944 | 203589447 | 自科库401/401自科库 42排1列1层/ [索取号:O152.1/X760:1] | 在馆 | |
| 2 | 358945 | 203589456 | 自科库401/401自科库 42排1列1层/ [索取号:O152.1/X760:1] | 在馆 |